01760 2200205 4500001002100000005001500021035002000036245005300056100001400109250000600123300003500129856004500164260003100209082000800240084001400248020002200262600001000284520124800294990001201542INLIS00000000000196020250523100459 a0010-05250002521 aNext :bKarena Hidup Terus Berjalan /cRia Ricis0 aRia Ricis a1 a219 :bIlust ;c13,5 x 19,5 cm aRuang Baca Umum No Klas 800 ( Rak 3,4,5) aJakarta :bloveable,c2020 a813 a813 RIA n a978-623-6533-00-0 4aFiksi aerita dalam novel ini mengandung materi yang diperuntukkan untuk pembaca remaja yang berusia 17 tahun keatas. Tidak dianjurkan untuk dibaca anak-anak di bawah umur 17 tahun, dikhawatirkan adanya alur yang tidak sesuai dengan pembaca dibawah umur tersebut. Walau kebanyakan pembaca dari novel ini adalah remaja perempuan tidak menutup kemungkinan bahwa remaja laki-laki hingga orang dewasa juga menyukai novel ini. Novel yang berjudul Next : Karena Hidup Terus Berjalan karya Ria Ricis ini ditulis dengan menggunakan kosakata yang ringan sehingga para pembaca dapat memahami isi dari cerita dengan mudah. Selain itu dengan adanya novel ini diharapkan para dapat mendapat inspirasi yang bisa bermanfaat bagi siapa saja yang membacanya. Sinopsis "Ada saatnya kita berhenti sejenak ketika tangan dan kaki ini sudah lelah melangkah. Berhenti ketika hati dan pikiran sudah melemah. Berhenti pada waktu yang telah ditentukan oleh-Nya. Kita harus siap melanjutkan kehidupan yang baru dengan menerima segala risiko dan bersyukur atas segala rasa yang diberikan. Gagal itu wajar, kita tidak bisa menyalahkan orang lain, apalagi diri sendiri. Sampai akhirnya kita mengerti bahwa hidup tidak berhenti sampai di sini. Karena hidup terus berjalan" a0754549